| 000 | 00743nam a22002417a 4500 | ||
|---|---|---|---|
| 999 |
_c21207 _d21207 |
||
| 003 | AR-CdUCM | ||
| 008 | 190430b ||||| |||| 00| 0 spa d | ||
| 020 | _a9786124730535 | ||
| 040 |
_aMUNICIPALIDAD PROVINCIAL DEL CUSCO _cBIBLIOTECA MUNICIPAL DEL CUSCO |
||
| 082 |
_a869.56 / CH18 _bCH18 |
||
| 100 |
_aChamorro Tamayo, Flora Haydeé _944298 |
||
| 245 | _aDesde los ojos del alma / | ||
| 260 |
_aCusco : _bSieteculebras, _c2018. |
||
| 300 |
_a84 paginas ; _c21 cm. |
||
| 505 | _aContenido : Cuentos breves. | ||
| 650 |
_aLiteratura peruana _9169 |
||
| 650 |
_aLiteratos cusqueños _944145 |
||
| 650 |
_aLiteratura cusqueña _944146 |
||
| 650 |
_aCuentos _944147 |
||
| 650 |
_aSiglo XXI _944299 |
||
| 942 |
_2ddc _cLIBROS |
||
| 945 | _aRoel | ||